000 00370nam a2200133Ia 4500
008 220217s9999||||xx |||||||||||||| ||und||
020 _a9788131805831
082 _a620.4 RAJ
100 _aRajput, R K
_93460
245 0 _aApplied Thermodynamics
260 _aLaxmi Publishing House
_bNew Delhi
_c2011
300 _avi959+xxi
_b595
650 _aThermodynamics
_96541
999 _c183017
_d183017